Londanil chila kathukal (Record no. 16540)
[ view plain ]
| 000 -LEADER | |
|---|---|
| fixed length control field | 00217nam a22000977a 4500 |
| 003 - CONTROL NUMBER IDENTIFIER | |
| control field | OSt |
| 008 - FIXED-LENGTH DATA ELEMENTS--GENERAL INFORMATION | |
| fixed length control field | 210114b ||||| |||| 00| 0 eng d |
| 100 ## - MAIN ENTRY--AUTHOR NAME | |
| Personal name | Kumar, C. B |
| 245 ## - TITLE STATEMENT | |
| Title | Londanil chila kathukal |
| 942 ## - ADDED ENTRY ELEMENTS (KOHA) | |
| Koha item type | Books |
No items available.
